Escritos inmortales (Record no. 61684)

MARC details
000 -LEADER
campo de control de longitud fija 00451nam a2200145 i 4500
001 - NÚMERO DE CONTROL
campo de control 61684
003 - IDENTIFICADOR DE NÚMERO DE CONTROL
campo de control ES-MaACL
005 - FECHA Y HORA DE LA ÚLTIMA TRANSACCIÓN
campo de control 20230906164524.0
008 - DATOS DE LONGITUD FIJA--INFORMACIÓN GENERAL
campo de control de longitud fija 031113s1970 sp |||| | spa d
245 00 - MENCIÓN DEL TÍTULO
Título Escritos inmortales
Resto del título : de Aristóteles a Von Braun /
Mención de responsabilidad, etc. Pablo Farga Montenegro.
260 ## - PUBLICACIÓN, DISTRIBUCIÓN, ETC.
Lugar de publicación, distribución, etc. [Barcelona :
Nombre del editor, distribuidor, etc. Martínez Roca,
Fecha de publicación, distribución, etc. 1970]
300 ## - DESCRIPCIÓN FÍSICA
Extensión 287 p. :
Otras características físicas il. ;
Dimensiones 23 cm.
700 1# - ENTRADA AGREGADA--NOMBRE PERSONAL
Nombre de persona Farga Montenegro, Pablo.
9 (RLIN) 48840
852 ## - LOCALIZACIÓN
Ubicación ES-MaACL
Número de control de estantería C-38173
Holdings
Estatus retirado Estado de pérdida Estado de daño No para préstamo Biblioteca de origen Biblioteca actual Ubicación en estantería Fecha de adquisición Fuente de adquisición Total de préstamos Signatura topográfica completa Código de barras Visto por última vez Precio de reemplazo Tipo de ítem Koha
        Biblioteca del Ateneo de Madrid Biblioteca del Ateneo de Madrid Depósito 2 17/01/2008     C-38173 1064679 23/02/2023 23/02/2023 Libro impreso